000 00546nam a2200169 i 4500
001 96873
003 ES-MaACL
005 20230906182006.0
007 t|
008 050704s1963 sp ||||1| spa d
100 1 _aMandell, Matthew.
_975950
245 1 0 _aDispositivos electrónicos de mando y control para la industria /
_cMatthew Mandell; traducción por C. López,Fernández.
260 _aMadrid :
_bCandiani,
_c1963.
300 _a398 p. :
_bil. ;
_c23 cm.
700 1 _aLópez, Fernández C.
_973328
852 _aES-MaACL
_jC-22693
_bR.51514
999 _c96873
_d96873